| 000 | 00385nam a2200145Ia 4500 | ||
|---|---|---|---|
| 008 | 230312s9999||||xx |||||||||||||| ||und|| | ||
| 020 | _a81-317-0088-4 | ||
| 082 |
_a808.066 _bPFE-T |
||
| 100 | _aPfeiffer;william sanborn | ||
| 245 | 0 | _aTechnical communication a practical approach | |
| 260 |
_bDorling _aindia _c2006 |
||
| 300 | _a693 | ||
| 650 |
_aEngineering _vAvionics |
||
| 942 | _cBK | ||
| 999 |
_c12437 _d12437 |
||